| 000 | 00408nam a22001457a 4500 | ||
|---|---|---|---|
| 020 | _a9786012090765 | ||
| 082 |
_a378.584 _bONE |
||
| 245 | _aKazakh National Technical University named after K. I.Satpayev: today | ||
| 260 |
_aAlmaty: _bKazNTU Press _c2009. |
||
| 300 | _a375p | ||
| 504 | _aKazakh language | ||
| 563 | _aHB | ||
| 650 |
_aUniversities and colleges — Kazakhstan _9133696 |
||
| 942 |
_2ddc _cBK |
||
| 999 |
_c616657 _d616657 |
||